|
|
|
|
| LEADER |
00000cam a22000008i 4500 |
| 001 |
EBOOKCENTRAL_on1021055021 |
| 003 |
OCoLC |
| 005 |
20240329122006.0 |
| 006 |
m o d |
| 007 |
cr ||||||||||| |
| 008 |
180129s2018 gw ob 001 0 ger |
| 010 |
|
|
|a 2018004337
|
| 040 |
|
|
|a DLC
|b eng
|e rda
|e pn
|c DLC
|d OCLCO
|d EBLCP
|d OCLCF
|d YDX
|d OCLCQ
|d OCLCO
|d OCLCL
|
| 019 |
|
|
|a 1028838729
|a 1028889213
|a 1028948548
|a 1028969541
|a 1029002902
|
| 020 |
|
|
|a 9783110576030
|q )
|
| 020 |
|
|
|a 3110576031
|
| 020 |
|
|
|a 9783110573756
|
| 020 |
|
|
|a 311057375X
|
| 020 |
|
|
|z 9783110573695
|q (softcover ;
|q alk. paper)
|
| 020 |
|
|
|z 3110573695
|
| 035 |
|
|
|a (OCoLC)1021055021
|z (OCoLC)1028838729
|z (OCoLC)1028889213
|z (OCoLC)1028948548
|z (OCoLC)1028969541
|z (OCoLC)1029002902
|
| 042 |
|
|
|a pcc
|
| 050 |
1 |
0 |
|a AZ203
|
| 082 |
0 |
0 |
|a 001.2
|2 23
|
| 049 |
|
|
|a UAMI
|
| 245 |
0 |
0 |
|a Experten, Wissen, Symbol :
|b Performanz und Medialität vormoderner Wissenskulturen /
|c Frank Rexroth, Teresa Schröder-Stapper (Hrsg.).
|
| 263 |
|
|
|a 1806
|
| 264 |
|
1 |
|a Berlin ;
|a Boston :
|b Walter De Gruyter GmbH,
|c [2018]
|
| 300 |
|
|
|a 1 online resource.
|
| 336 |
|
|
|a text
|b txt
|2 rdacontent
|
| 337 |
|
|
|a computer
|b n
|2 rdamedia
|
| 338 |
|
|
|a online resource
|b nc
|2 rdacarrier
|
| 490 |
0 |
|
|a Historische Zeitschrift. Beihefte ;
|v n.F. 71
|
| 504 |
|
|
|a Includes bibliographical references and index.
|
| 588 |
0 |
|
|a Print version record and CIP data provided by publisher; resource not viewed.
|
| 505 |
0 |
|
|a Intro; Inhalt; Woran man Experten erkennt. EinfÃơhrende Ã#x9C;berlegungen zur performativen Dimension von Sonderwissen wÃÞhrend der Vormoderne; MedialitÃÞt und PerformativitÃÞt Kulturwissenschaftliche Kategorien zur Analyse von historischen und literarischen Inszenierungsformen in Expertenkulturen; Zwischen Kloster und Kurie MÜnche als Rechtsexperten und die Entwicklung der forensischen OralitÃÞt im pÃÞpstlichen Gerichtswesen (1141â#x80;#x93;1256); The bright side of the moon â#x80;#x93; oder: Der Experte als Szenograph.
|
| 505 |
8 |
|
|a Â#x80;#x9E;Do mÅĀ̃#x9F;t ich KÃơnst an wenden, wolt ich mich mit der Practic erneerenâ#x80;#x9C; Die Inszenierung ÃÞrztlicher Expertise in der FrÃơhen NeuzeitDer FakultÃÞtspatron als Experte Zur rituellen und bildlichen Inanspruchnahme von Heiligen fÃơr die Herausbildung akademischen Berufsbewusstseins im spÃÞten Mittelalter; Dynamisierung und Dekonstruktion von Meisterschaft in den gelehrten Kulturen des 16. bis 18. Jahrhunderts am Beispiel Polens; Erschaffen Rituale Experten? Attribuierung von Meisterschaft bei Theologen und Medizinern.
|
| 505 |
8 |
|
|a Erasmus und die Dialektik Zum Zusammenhang von Expertentum und PerformativitÃÞtâ#x80;#x9E;Age nunc, vates & Poeta praeclareâ#x80;#x9C; â#x80;#x93; Macht die KrÜnung erst den Dichter? Ã#x9C;ber die Inszenierung des â#x80;#x9E;poeta laureatusâ#x80;#x9C; als Experte im frÃơhneuzeitlichen Reich; Die Autorinnen und Autoren; Personenregister; Ortsregister.
|
| 590 |
|
|
|a ProQuest Ebook Central
|b Ebook Central Academic Complete
|
| 650 |
|
0 |
|a Learning and scholarship
|x History.
|
| 650 |
|
0 |
|a Communication in learning and scholarship.
|
| 650 |
|
6 |
|a Savoir et érudition
|x Histoire.
|
| 650 |
|
6 |
|a Communication savante.
|
| 650 |
|
7 |
|a Communication in learning and scholarship.
|2 fast
|0 (OCoLC)fst00870164
|
| 650 |
|
7 |
|a Learning and scholarship.
|2 fast
|0 (OCoLC)fst00994857
|
| 655 |
|
7 |
|a History.
|2 fast
|0 (OCoLC)fst01411628
|
| 700 |
1 |
|
|a Rexroth, Frank,
|e editor.
|
| 700 |
1 |
|
|a Schröder-Stapper, Teresa,
|e editor.
|
| 758 |
|
|
|i has work:
|a Experten, Wissen, Symbol (Text)
|1 https://id.oclc.org/worldcat/entity/E39PCH4RRkDcbjdFvfmfCfMFJC
|4 https://id.oclc.org/worldcat/ontology/hasWork
|
| 776 |
0 |
8 |
|i Print version:
|t Experten, Wissen, Symbol.
|d Berlin ; Boston : Walter De Gruyter GmbH, [2018]
|z 9783110573695
|w (DLC) 2018001788
|
| 856 |
4 |
0 |
|u https://ebookcentral.uam.elogim.com/lib/uam-ebooks/detail.action?docID=5157905
|z Texto completo
|
| 938 |
|
|
|a ProQuest Ebook Central
|b EBLB
|n EBL5157905
|
| 938 |
|
|
|a YBP Library Services
|b YANK
|n 15217494
|
| 994 |
|
|
|a 92
|b IZTAP
|